[Event "Taastrup Quick Weekend 23th Basis 6"]
[Site "Taastrup"]
[Date "2016.05.20"]
[Round "2"]
[White "Hansen, Ole Bjerregaard"]
[Black "Jorgensen, Christian Frost"]
[Result "1-0"]
[WhiteElo "1683"]
[BlackElo "1588"]
[PlyCount "57"]
[EventDate "2016.05.20"]
[EventType "tourn"]
[EventRounds "5"]
[EventCountry "DEN"]
[SourceTitle "EXT 2024"]
[Source "ChessBase"]
[SourceDate "2023.10.10"]
[SourceVersion "1"]
[SourceVersionDate "2023.10.10"]
[SourceQuality "1"]

1. d4 Nf6 2. c4 e6 3. Nc3 Bb4 4. Bd2 c5 5. e3 b6 6. Bd3 Bb7 7. Nf3 cxd4 8. exd4 0-0 9. 0-0 Qc7 10. Nb5 Bxf3 11. Nxc7 Bxd1 12. Bxb4 Rc8 13. Nxa8 Nc6 14. Bc3 Bh5 15. Nxb6 axb6 16. Rfc1 Re8 17. c5 bxc5 18. dxc5 Nd5 19. g3 e5 20. Bc4 Nxc3 21. Rxc3 Nd4 22. b4 Be2 23. a4 Rb8 24. b5 Rc8 25. Kg2 Bxc4 26. Rxc4 Ra8 27. Re1 f6 28. f4 Re8 29. Rxd4 1-0